<?xml version="1.0" encoding="UTF-8"?>
<record
    xmlns:xsi="http://www.w3.org/2001/XMLSchema-instance"
    xsi:schemaLocation="http://www.loc.gov/MARC21/slim http://www.loc.gov/standards/marcxml/schema/MARC21slim.xsd"
    xmlns="http://www.loc.gov/MARC21/slim">

  <leader>00746nam a2200229 i 4500</leader>
  <controlfield tag="001">bgj</controlfield>
  <datafield tag="245" ind1="1" ind2="0">
    <subfield code="a">The Constitutions of our United States :</subfield>
    <subfield code="b">also The Declaration of Indenpendence and Lincoln's Gettysburg Address.</subfield>
  </datafield>
  <datafield tag="260" ind1=" " ind2=" ">
    <subfield code="a">Chicago :</subfield>
    <subfield code="b">Rand McNally and Company</subfield>
    <subfield code="c">cop. 1936.</subfield>
  </datafield>
  <datafield tag="300" ind1=" " ind2=" ">
    <subfield code="a">64 s. :</subfield>
    <subfield code="b">il. ;</subfield>
    <subfield code="c">17 cm.</subfield>
  </datafield>
  <datafield tag="650" ind1="9" ind2=" ">
    <subfield code="a">Deklaracja Niepodleg&#x142;o&#x15B;ci</subfield>
  </datafield>
  <datafield tag="650" ind1="9" ind2=" ">
    <subfield code="a">Adres gettysburski</subfield>
  </datafield>
  <datafield tag="651" ind1="9" ind2=" ">
    <subfield code="a">Stany Zjednoczone</subfield>
    <subfield code="x">konstytucja</subfield>
  </datafield>
  <datafield tag="651" ind1="9" ind2=" ">
    <subfield code="a">Stany Zjednoczone</subfield>
    <subfield code="x">Deklaracja Niepodleg&#x142;o&#x15B;ci</subfield>
  </datafield>
  <datafield tag="651" ind1="9" ind2=" ">
    <subfield code="a">Stany Zjednoczone</subfield>
    <subfield code="x">Adres gettysburski</subfield>
  </datafield>
  <datafield tag="651" ind1="9" ind2=" ">
    <subfield code="a">Stany Zjednoczone</subfield>
    <subfield code="x">historia</subfield>
  </datafield>
  <datafield tag="040" ind1=" " ind2=" ">
    <subfield code="c">BPK</subfield>
  </datafield>
  <datafield tag="041" ind1="0" ind2=" ">
    <subfield code="a">eng</subfield>
  </datafield>
  <datafield tag="044" ind1=" " ind2=" ">
    <subfield code="a">USA</subfield>
  </datafield>
  <datafield tag="080" ind1=" " ind2=" ">
    <subfield code="a">94(73)</subfield>
  </datafield>
  <datafield tag="942" ind1=" " ind2=" ">
    <subfield code="c">KS</subfield>
  </datafield>
  <controlfield tag="008">      s        uk     f     |000 0 eng  </controlfield>
  <datafield tag="999" ind1=" " ind2=" ">
    <subfield code="c">50053</subfield>
    <subfield code="d">50053</subfield>
  </datafield>
  <datafield tag="952" ind1=" " ind2=" ">
    <subfield code="0">0</subfield>
    <subfield code="1">0</subfield>
    <subfield code="4">0</subfield>
    <subfield code="7">1</subfield>
    <subfield code="a">BPK</subfield>
    <subfield code="b">BPK</subfield>
    <subfield code="c">eh</subfield>
    <subfield code="o">S 2691</subfield>
    <subfield code="p">02435053</subfield>
    <subfield code="t">94(73) HUSA</subfield>
    <subfield code="y">KS</subfield>
  </datafield>
</record>
